Canada without vowels - Statistics

General Stats
  • This quiz has been taken 18 times
  • The average score is 11 of 12
Answer Stats
Hint Answer % Correct
Brtsh Clmb British Columbia
100%
Mntb Manitoba
100%
Nrthwst Trrtrs Northwest Territories
100%
Nv Sct Nova Scotia
100%
Qbc Quebec
100%
Nw Brnswck New Brunswick
94%
Nwfndlnd nd Lbrdr Newfoundland and Labrador
94%
Ssktchwn Saskatchewan
94%
Ykn Yukon
94%
Prnc Dwrd Slnd Prince Edward Island
88%
Lbrt Alberta
75%
Ntr Ontario
50%
No matching quizzes found
Score Distribution
Percent of People with Each Score
Percentile by Number Answered
Your Score History
You have not taken this quiz